Differential equations and transforms (Record no. 553684)

000 -LEADER
fixed length control field 00295nam a22001097a 4500
082 ## - DEWEY DECIMAL CLASSIFICATION NUMBER
Classification number CP56
100 ## - MAIN ENTRY--PERSONAL NAME
Personal name Asim
9 (RLIN) 50926
245 ## - TITLE STATEMENT
Title Differential equations and transforms
Remainder of title Math 104
Statement of responsibility, etc. Asim
260 ## - PUBLICATION, DISTRIBUTION, ETC.
Place of publication, distribution, etc. Risalpur,
Name of publisher, distributor, etc. MCE,
Date of publication, distribution, etc. Spring 2015.
526 ## - STUDY PROGRAM INFORMATION NOTE
Program name 0
Interest level 1
Reading level 0
Title point value CP_000000000000000_56
942 ## - ADDED ENTRY ELEMENTS (KOHA)
Source of classification or shelving scheme
Koha item type Book
Holdings
Withdrawn status Lost status Source of classification or shelving scheme Damaged status Not for loan Permanent Location Current Location Date acquired Total Checkouts Total Renewals Full call number Barcode Date last seen Date last checked out Price effective from Koha item type
          Military College of Engineering (MCE) Military College of Engineering (MCE) 03/15/2016 1 1 CP56 MCE-CP56 03/28/2016 03/28/2016 03/15/2016 Book
© 2023 Central Library, National University of Sciences and Technology. All Rights Reserved.